[Event "European Blitz Championship 2021"]
[Site "Katowice"]
[Date "2021.12.17"]
[Round "2.27"]
[White "Zalega, Maciej"]
[Black "Kowalczyk, Rafal"]
[Result "0-1"]
[WhiteElo "1566"]
[BlackElo "2252"]
[Annotator "ChessBase"]
[PlyCount "46"]
[EventDate "2021.12.17"]
[EventType "swiss"]
[EventCountry "POL"]
[SourceTitle "playchess.com"]
[Source "ChessBase"]
[SourceQuality "1"]

1. e4 e5 2. Nf3 Nc6 3. Bb5 f5 4. d4 fxe4 5. Bxc6 dxc6 6. Nxe5 Nf6 7. O-O Bd6 8.
Bg5 O-O 9. Nc3 Qe8 10. Bxf6 gxf6 11. Nc4 Qg6 12. d5 Bg4 13. Qd2 Bf3 14. g3 f5
15. Nxd6 cxd6 16. dxc6 bxc6 17. Qf4 d5 18. Na4 Qh5 19. h4 Rf7 20. Nc5 Re8 21.
c4 Rg7 22. Rfe1 Rg4 23. Qxf3 exf3 0-1

[Event "European Blitz Championship 2021"]
[Site "Katowice"]
[Date "2021.12.17"]
[Round "2.28"]
[White "Reimanis, Ritvars"]
[Black "Kalkowski, Igor"]
[Result "1-0"]
[WhiteElo "2397"]
[BlackElo "1839"]
[Annotator "ChessBase"]
[PlyCount "71"]
[EventDate "2021.12.17"]
[EventType "swiss"]
[EventCountry "POL"]
[SourceTitle "playchess.com"]
[Source "ChessBase"]
[SourceQuality "1"]

1. d4 g6 2. c4 Bg7 3. Nf3 d6 4. Nc3 c5 5. dxc5 Qa5 6. cxd6 exd6 7. Bd2 Ne7 8.
Nd5 Qd8 9. Bc3 Bxc3+ 10. Nxc3 O-O 11. h4 Be6 12. e3 Nbc6 13. h5 Rc8 14. Ng5 Nf5
15. Nxe6 fxe6 16. hxg6 hxg6 17. Be2 Ne5 18. b3 d5 19. e4 Qa5 20. Qd2 d4 21. Nb5
Qxd2+ 22. Kxd2 Ne7 23. f3 Rcd8 24. Bd3 a6 25. Na3 N7c6 26. Nc2 Kg7 27. Rh3 Rh8
28. Rah1 Rxh3 29. Rxh3 Nxd3 30. Kxd3 Ne5+ 31. Kd2 b5 32. cxb5 axb5 33. Nb4 d3
34. f4 Rd4 35. fxe5 Rxb4 36. Kxd3 1-0

[Event "European Blitz Championship 2021"]
[Site "Katowice"]
[Date "2021.12.17"]
[Round "2.28"]
[White "Kastelik, Adrian"]
[Black "Zajac, Karol"]
[Result "1-0"]
[WhiteElo "2248"]
[BlackElo "1560"]
[Annotator "ChessBase"]
[PlyCount "39"]
[EventDate "2021.12.17"]
[EventType "swiss"]
[EventCountry "POL"]
[SourceTitle "playchess.com"]
[Source "ChessBase"]
[SourceQuality "1"]

1. d4 d5 2. c4 c6 3. Nf3 Nf6 4. e3 e6 5. Nc3 Bd6 6. Bd3 dxc4 7. Bxc4 b5 8. Bd3
Bb7 9. e4 Bb4 10. e5 Nd5 11. Bd2 a6 12. Ne4 Bxd2+ 13. Qxd2 O-O 14. Nd6 Ra7 15.
Qc2 g6 16. Qc5 Qb6 17. O-O Nd7 18. Qc1 c5 19. Qh6 cxd4 20. Ng5 1-0

[Event "European Blitz Championship 2021"]
[Site "Katowice"]
[Date "2021.12.17"]
[Round "2.29"]
[White "Lach, Mateusz"]
[Black "Gumularz, Szymon"]
[Result "0-1"]
[WhiteElo "1661"]
[BlackElo "2533"]
[Annotator "ChessBase"]
[PlyCount "62"]
[EventDate "2021.12.17"]
[EventType "swiss"]
[EventCountry "POL"]
[SourceTitle "playchess.com"]
[Source "ChessBase"]
[SourceQuality "1"]

1. d4 Nf6 2. c4 e6 3. e3 b6 4. Nc3 Bb7 5. a3 g6 6. b4 Bg7 7. Bd2 O-O 8. c5 d6
9. cxb6 axb6 10. Nf3 Nbd7 11. Be2 e5 12. dxe5 dxe5 13. O-O Qe7 14. h3 h6 15.
Qc2 Rfd8 16. e4 Nf8 17. Be3 Nh5 18. Rfd1 Ne6 19. Nd5 Bxd5 20. exd5 Nef4 21. Bc4
Rd6 22. a4 e4 23. Nd4 Re8 24. g4 Nxh3+ 25. Kf1 N5f4 26. a5 Qh4 27. a6 Qxg4 28.
Ke1 Ng1 29. Kd2 Nf3+ 30. Kc3 Nxd5+ 31. Bxd5 Rxd5 0-1

[Event "European Blitz Championship 2021"]
[Site "Katowice"]
[Date "2021.12.17"]
[Round "2.29"]
[White "Bogusz, Alan"]
[Black "Przybylski, Wojciech"]
[Result "0-1"]
[WhiteElo "1556"]
[BlackElo "2247"]
[Annotator "ChessBase"]
[PlyCount "152"]
[EventDate "2021.12.17"]
[EventType "swiss"]
[EventCountry "POL"]
[SourceTitle "playchess.com"]
[Source "ChessBase"]
[SourceQuality "1"]

1. e4 e5 2. Nf3 Nc6 3. Bb5 Nf6 4. d3 d6 5. c3 Be7 6. O-O O-O 7. Re1 a6 8. Ba4
b5 9. Bc2 d5 10. h3 Bb7 11. Nbd2 Re8 12. Nf1 h6 13. Ng3 Bf8 14. Qe2 g6 15. Nh4
Bg7 16. Bd2 Nb8 17. Nf3 Nbd7 18. Rad1 c5 19. exd5 Bxd5 20. Ne4 Qc7 21. Be3 Rad8
22. Nfd2 Nxe4 23. dxe4 Be6 24. Nb3 c4 25. Nd2 Nc5 26. Bxc5 Qxc5 27. Nf1 a5 28.
a3 b4 29. axb4 axb4 30. Ne3 bxc3 31. bxc3 Qa5 32. Nxc4 Qxc3 33. Rxd8 Rxd8 34.
Ne3 Rd2 35. Qf3 Rxc2 36. Nxc2 Qxc2 37. Ra1 Qc6 38. Rd1 Qc7 39. Qd3 Bf6 40. Ra1
Qb7 41. Qa6 Qxa6 42. Rxa6 Bg5 43. Kh2 h5 44. g3 h4 45. Ra5 hxg3+ 46. Kxg3 Bf4+
47. Kg2 Kg7 48. f3 Kf6 49. Ra6 Be3 50. Ra5 Bd2 51. Rb5 Bc1 52. Rc5 Bf4 53. Rc6
Kg5 54. Rb6 Be3 55. Rb8 Bd4 56. Kg3 Bc3 57. Rb1 Bd2 58. Rd1 Bf4+ 59. Kg2 Kh4
60. Rh1 Bd7 61. Kf2 Bg3+ 62. Kg2 Be6 63. Kf1 Bxh3+ 64. Ke2 f6 65. Ke3 Bf4+ 66.
Kf2 f5 67. exf5 gxf5 68. Rg1 Bg5 69. Re1 Bf6 70. Rg1 Be7 71. Rg7 Bc5+ 72. Ke2
Bd4 73. Rh7+ Kg3 74. Rg7+ Kf4 75. Rh7 Bg2 76. Rg7 Bxf3+ 0-1

[Event "European Blitz Championship 2021"]
[Site "Katowice"]
[Date "2021.12.17"]
[Round "2.30"]
[White "Dragnev, Valentin"]
[Black "Dobosiewicz, Dawid"]
[Result "1-0"]
[WhiteElo "2548"]
[BlackElo "1678"]
[Annotator "RC"]
[PlyCount "55"]
[EventDate "2021.12.17"]
[EventType "swiss"]
[EventCountry "POL"]
[SourceTitle "playchess.com"]
[Source "ChessBase"]
[SourceQuality "1"]

1. e4 c5 2. Nf3 e6 3. d4 cxd4 4. Nxd4 Nc6 5. Nc3 Qc7 6. Ncb5 Qb8 7. Bd3 a6 8.
Nxc6 bxc6 9. Nd4 c5 10. Nf3 d5 11. O-O Be7 12. exd5 exd5 13. Re1 c4 14. Bf1 Nf6
15. Ne5 Bb7 16. Bf4 Qd8 17. Nf3 O-O 18. Nd4 Bc5 19. c3 Qb6 20. Be5 Nd7 21. Bxg7
Kxg7 22. Qg4+ Kh8 23. Qxd7 Bxd4 24. cxd4 Bc6 25. Qd6 f6 26. Re7 Rad8 27. Qe6
Qxb2 28. Qf5 1-0

[Event "European Blitz Championship 2021"]
[Site "Katowice"]
[Date "2021.12.17"]
[Round "3.1"]
[White "Spalir, Jernej"]
[Black "Klepek, Witold"]
[Result "1-0"]
[WhiteElo "2368"]
[BlackElo "2148"]
[Annotator "NA"]
[PlyCount "45"]
[EventDate "2021.12.17"]
[EventType "swiss"]
[EventCountry "POL"]
[SourceTitle "playchess.com"]
[Source "ChessBase"]
[SourceQuality "1"]

1. d4 d5 2. Nf3 Nf6 3. c4 e6 4. Nc3 Bb4 5. Qa4+ Nc6 6. e3 O-O 7. Bd2 Re8 8. Qc2
e5 9. dxe5 Nxe5 10. Nxd5 Nxd5 11. cxd5 Bxd2+ 12. Qxd2 Bf5 13. Nxe5 Rxe5 14. Bc4
b5 15. Bb3 a5 16. a3 Be4 17. O-O a4 18. Qd4 Qg5 19. f3 Bxf3 20. Rxf3 axb3 21.
h4 Qh5 22. g4 Rxd5 23. gxh5 1-0

[Event "European Blitz Championship 2021"]
[Site "Katowice"]
[Date "2021.12.17"]
[Round "3.1"]
[White "Hasterok, Mateusz"]
[Black "Duda, Jan-Krzysztof"]
[Result "0-1"]
[WhiteElo "2132"]
[BlackElo "2756"]
[Annotator "TA"]
[PlyCount "48"]
[EventDate "2021.12.17"]
[EventType "swiss"]
[EventCountry "POL"]
[SourceTitle "playchess.com"]
[Source "ChessBase"]
[SourceQuality "1"]

1. d4 Nf6 2. c4 e6 3. Nc3 Bb4 4. f3 O-O 5. a3 Bxc3+ 6. bxc3 Nh5 7. Nh3 f5 8.
Bg5 Qe8 9. e3 d6 10. Be2 e5 11. Qd2 f4 12. exf4 Bxh3 13. gxh3 Nxf4 14. O-O-O
Nxe2+ 15. Qxe2 Nc6 16. Rhg1 exd4 17. Qxe8 Raxe8 18. f4 dxc3 19. Rd3 Re6 20.
Rxc3 h6 21. Bh4 Nd4 22. Kd1 Ne2 23. Rcg3 Nxg1 24. Rxg1 Rxf4 0-1

[Event "European Blitz Championship 2021"]
[Site "Katowice"]
[Date "2021.12.17"]
[Round "3.2"]
[White "Balog, Imre"]
[Black "Dwilewicz, Katarzyna"]
[Result "1-0"]
[WhiteElo "2573"]
[BlackElo "2111"]
[Annotator "ChessBase"]
[PlyCount "39"]
[EventDate "2021.12.17"]
[EventType "swiss"]
[EventCountry "POL"]
[SourceTitle "playchess.com"]
[Source "ChessBase"]
[SourceQuality "1"]

1. d4 Nf6 2. Bg5 e6 3. e4 h6 4. Bxf6 Qxf6 5. Nc3 d6 6. Qd2 c6 7. Nf3 Nd7 8.
O-O-O e5 9. dxe5 Nxe5 10. Nd4 Be7 11. f4 Ng6 12. g3 O-O 13. h4 Bg4 14. Be2 Bxe2
15. Qxe2 Rfe8 16. h5 Nf8 17. Qg4 Ne6 18. Nf5 Bf8 19. e5 dxe5 20. Ne4 1-0

[Event "European Blitz Championship 2021"]
[Site "Katowice"]
[Date "2021.12.17"]
[Round "3.2"]
[White "Malicka, Maria"]
[Black "Gdanski, Jacek"]
[Result "1-0"]
[WhiteElo "2307"]
[BlackElo "2367"]
[Annotator "NA"]
[PlyCount "96"]
[EventDate "2021.12.17"]
[EventType "swiss"]
[EventCountry "POL"]
[SourceTitle "playchess.com"]
[Source "ChessBase"]
[SourceQuality "1"]

1. e4 e6 2. d4 d5 3. exd5 exd5 4. Nf3 c6 5. Bd3 Bd6 6. O-O Ne7 7. Bg5 Bg4 8.
Nbd2 Nd7 9. Re1 f6 10. Bh4 Qc7 11. Bg3 Bxg3 12. hxg3 Nb6 13. Qe2 Nbc8 14. c4
O-O 15. cxd5 cxd5 16. Rac1 Qb6 17. Qe3 Ng6 18. Nb3 Nd6 19. Bxg6 hxg6 20. Qf4
Bf5 21. g4 g5 22. Qg3 Ne4 23. Qh3 Bg6 24. g3 a5 25. Re2 Rac8 26. Qf1 a4 27.
Rxc8 Rxc8 28. Nbd2 Qb4 29. Qd1 a3 30. bxa3 Qxa3 31. Kg2 Nc3 32. Qe1 Nxe2 33.
Qxe2 Qd6 34. Nb3 b6 35. Qa6 Rc2 36. Nfd2 Be4+ 37. f3 Bg6 38. Qa4 Qe7 39. Kf2
Kh7 40. Qb5 Qd6 41. a4 Rb2 42. a5 bxa5 43. Qxa5 Qe6 44. Qc3 Rc2 45. Qa1 Bd3 46.
Qd1 Rb2 47. Nc5 Rb1 48. Qa4 Qe1+ 1-0

[Event "European Blitz Championship 2021"]
[Site "Katowice"]
[Date "2021.12.17"]
[Round "3.3"]
[White "Lubczynski, Rafal"]
[Black "Czarnecka, Lidia"]
[Result "1-0"]
[WhiteElo "2361"]
[BlackElo "1904"]
[Annotator "NA"]
[PlyCount "55"]
[EventDate "2021.12.17"]
[EventType "swiss"]
[EventCountry "POL"]
[SourceTitle "playchess.com"]
[Source "ChessBase"]
[SourceQuality "1"]

1. d4 d5 2. Nf3 Nf6 3. c4 c6 4. Nbd2 e6 5. g3 Bd6 6. Bg2 O-O 7. O-O Nbd7 8. Qc2
Re8 9. e4 dxe4 10. Nxe4 Nxe4 11. Qxe4 Nf6 12. Qe2 Be7 13. Bf4 Qb6 14. Rad1 Bd7
15. Ne5 Red8 16. g4 Be8 17. g5 Nd7 18. c5 Qa5 19. Nc4 Qb5 20. Qc2 Nf8 21. a4
Qa6 22. h4 Rac8 23. Rfe1 b6 24. Nd6 Bxd6 25. Bxd6 b5 26. axb5 Qxb5 27. Bxf8
Kxf8 28. Qxh7 1-0

[Event "European Blitz Championship 2021"]
[Site "Katowice"]
[Date "2021.12.17"]
[Round "3.3"]
[White "Jaskolka, Tomasz"]
[Black "Kovalenko, Igor"]
[Result "0-1"]
[WhiteElo "2193"]
[BlackElo "2668"]
[Annotator "RC"]
[PlyCount "84"]
[EventDate "2021.12.17"]
[EventType "swiss"]
[EventCountry "POL"]
[SourceTitle "playchess.com"]
[Source "ChessBase"]
[SourceQuality "1"]

1. d4 Nf6 2. Bf4 g6 3. Nc3 d5 4. e3 a6 5. Nf3 Nbd7 6. Be2 Bg7 7. h4 h6 8. Ne5
e6 9. Bd3 c5 10. Qf3 c4 11. Be2 b5 12. a3 Bb7 13. O-O Nh5 14. Bh2 Bxe5 15. dxe5
Qxh4 16. Rad1 Ng7 17. Bg3 Qe7 18. e4 Nb6 19. exd5 Bxd5 20. Nxd5 Nxd5 21. Qe4
Nf5 22. Bh2 h5 23. Bf3 Rd8 24. c3 Kf8 25. Bf4 Kg7 26. Bc1 Rd7 27. g3 Rhd8 28.
Kg2 Nb6 29. Rde1 Rd3 30. Rh1 Qd7 31. Qf4 Nd5 32. Qg5 Qe7 33. Qxe7 Ndxe7 34. g4
hxg4 35. Bxg4 Rh8 36. Bg5 Rxh1 37. Rxh1 Ng8 38. Be2 Rd5 39. Bf4 g5 40. Bh2 Rd2
41. Kf3 g4+ 42. Kxg4 Rxe2 0-1

[Event "European Blitz Championship 2021"]
[Site "Katowice"]
[Date "2021.12.17"]
[Round "3.4"]
[White "Sumets, Andrey"]
[Black "Czernek, Tymon"]
[Result "1-0"]
[WhiteElo "2527"]
[BlackElo "2197"]
[Annotator "RC"]
[PlyCount "107"]
[EventDate "2021.12.17"]
[EventType "swiss"]
[EventCountry "POL"]
[SourceTitle "playchess.com"]
[Source "ChessBase"]
[SourceQuality "1"]

1. d4 Nf6 2. c4 g6 3. Nc3 Bg7 4. e4 d6 5. Nf3 O-O 6. Be2 e5 7. O-O Nc6 8. d5
Ne7 9. Ne1 h6 10. Be3 Kh8 11. c5 Bd7 12. a4 Nfg8 13. a5 f5 14. f3 f4 15. Bf2 g5
16. Qb3 Qb8 17. a6 b6 18. cxd6 cxd6 19. Bb5 Qe8 20. Bxd7 Qxd7 21. Qb5 Qd8 22.
Nd3 Nf6 23. Nb4 Rc8 24. Rac1 g4 25. Nc6 Nxc6 26. dxc6 gxf3 27. gxf3 Ne8 28. Nd5
Nc7 29. Nxc7 Qxc7 30. Kh1 Rf6 31. Qd5 Qf7 32. Qxf7 Rxf7 33. b4 Rf6 34. b5 Kg8
35. Rg1 Kf7 36. Rcd1 Rc7 37. Bh4 Re6 38. Kg2 Bf6 39. Bf2 Be7 40. Kf1 Rg6 41.
Rxg6 Kxg6 42. Ke2 Kf7 43. Kd3 Rc8 44. Rg1 Bd8 45. Kc4 Bc7 46. Kd5 Re8 47. h4 h5
48. Rg5 Rh8 49. Be1 Rh6 50. Bb4 Bb8 51. Rf5+ Ke7 52. Rxe5+ Kd8 53. Re6 Rxe6 54.
Kxe6 1-0

[Event "European Blitz Championship 2021"]
[Site "Katowice"]
[Date "2021.12.17"]
[Round "3.4"]
[White "Wikar, Martyna"]
[Black "Keinanen, Toivo"]
[Result "0-1"]
[WhiteElo "2168"]
[BlackElo "2358"]
[Annotator "NA"]
[PlyCount "44"]
[EventDate "2021.12.17"]
[EventType "swiss"]
[EventCountry "POL"]
[SourceTitle "playchess.com"]
[Source "ChessBase"]
[SourceQuality "1"]

1. e4 Nc6 2. Nf3 d6 3. d4 Nf6 4. Nc3 g6 5. Bc4 Bg7 6. O-O O-O 7. h3 Nxe4 8.
Nxe4 d5 9. Bd3 dxe4 10. Bxe4 Nxd4 11. Be3 Nf5 12. Bf4 Nd6 13. Bxd6 cxd6 14. c3
e6 15. Qd2 d5 16. Rad1 Bd7 17. Bd3 b5 18. Nd4 b4 19. Rfe1 Rc8 20. Rc1 bxc3 21.
bxc3 Qa5 22. f4 Bxd4+ 0-1

[Event "European Blitz Championship 2021"]
[Site "Katowice"]
[Date "2021.12.17"]
[Round "3.5"]
[White "Diermair, Andreas"]
[Black "Kaliszuk, Kamil"]
[Result "1/2-1/2"]
[WhiteElo "2357"]
[BlackElo "1830"]
[Annotator "ChessBase"]
[PlyCount "150"]
[EventDate "2021.12.17"]
[EventType "swiss"]
[EventCountry "POL"]
[SourceTitle "playchess.com"]
[Source "ChessBase"]
[SourceQuality "1"]

1. d4 Nf6 2. Nf3 d5 3. g3 Bf5 4. Bg2 e6 5. c4 Nc6 6. O-O Be7 7. Nc3 O-O 8. Nh4
Bg4 9. h3 Bh5 10. cxd5 Nxd5 11. Nf3 Bf6 12. e3 a6 13. Qb3 Rb8 14. Ne4 Be7 15.
Bd2 Bg6 16. Nc3 Ndb4 17. Qd1 Bc2 18. Qc1 Bd3 19. Rd1 Nc2 20. Ne1 Nxe1 21. Bxe1
Bg6 22. a3 Na5 23. e4 Nb3 24. Qe3 Nxa1 25. Rxa1 c5 26. d5 exd5 27. Nxd5 Bf6 28.
Qxc5 Rc8 29. Qb4 b5 30. Rd1 Kh8 31. Bf3 Rc4 32. Qd2 Bxe4 33. Bxe4 Rxe4 34. Qd3
Ree8 35. Bb4 Rg8 36. Qf3 Bxb2 37. Ne7 Qa8 38. Qb3 Bf6 39. Nxg8 Kxg8 40. Rd7 Kh8
41. Qxf7 a5 42. Bd2 Qe4 43. h4 Qb1+ 44. Kh2 Qe4 45. Be3 Rg8 46. h5 b4 47. axb4
axb4 48. Rb7 Bc3 49. h6 Qg6 50. hxg7+ Qxg7 51. Qd5 Qg6 52. Rxb4 Qf6 53. Rf4 Qg7
54. Rf7 Qg6 55. Qc4 Bg7 56. Qc7 Qf5 57. Qd7 Qxd7 58. Rxd7 Rf8 59. Kg2 Kg8 60.
f4 Rf7 61. Rd8+ Rf8 62. Rd5 Re8 63. Kf3 Rb8 64. g4 Rb7 65. f5 h6 66. Rd6 Rb3
67. Ke4 Rb4+ 68. Kf3 Rb3 69. Rd8+ Kf7 70. Rd7+ Kg8 71. Rc7 Bf6 72. Rc4 Bg5 73.
Re4 Kf7 74. Kf2 Rb2+ 75. Kf3 Rb3 1/2-1/2

[Event "European Blitz Championship 2021"]
[Site "Katowice"]
[Date "2021.12.17"]
[Round "3.5"]
[White "Bednarski, Dawid"]
[Black "Durarbayli, Vasif"]
[Result "0-1"]
[WhiteElo "2008"]
[BlackElo "2629"]
[Annotator "RC"]
[PlyCount "78"]
[EventDate "2021.12.17"]
[EventType "swiss"]
[EventCountry "POL"]
[SourceTitle "playchess.com"]
[Source "ChessBase"]
[SourceQuality "1"]

1. e4 c5 2. Nf3 d6 3. d4 cxd4 4. Nxd4 Nc6 5. c4 Nf6 6. Nc3 e6 7. Be3 Be7 8. Be2
O-O 9. O-O a6 10. Qd2 Qc7 11. Rac1 Ne5 12. b3 b6 13. h3 Bb7 14. f4 Ned7 15. Bf3
Nc5 16. Qc2 Rfc8 17. g4 b5 18. cxb5 axb5 19. Ndxb5 Qb8 20. g5 Nfxe4 21. Qg2
Nxc3 22. Nxc3 Bxf3 23. Qxf3 Nd3 24. Rc2 Nb4 25. Rcc1 Nxa2 26. Nxa2 Rxa2 27. Bd4
d5 28. Rxc8+ Qxc8 29. f5 Qc7 30. Rf2 Rxf2 31. Qxf2 Qc1+ 32. Kh2 Bd6+ 33. Kg2
Qxg5+ 34. Kh1 exf5 35. Qe1 Qe7 36. Qd2 Qe4+ 37. Kg1 h6 38. Bf2 f4 39. Qa2 f3
0-1

[Event "European Blitz Championship 2021"]
[Site "Katowice"]
[Date "2021.12.17"]
[Round "3.6"]
[White "Motylev, Alexander"]
[Black "Tarczykowski, Janusz"]
[Result "1-0"]
[WhiteElo "2633"]
[BlackElo "2048"]
[Annotator "RC"]
[PlyCount "41"]
[EventDate "2021.12.17"]
[EventType "swiss"]
[EventCountry "POL"]
[SourceTitle "playchess.com"]
[Source "ChessBase"]
[SourceQuality "1"]

1. Nf3 d5 2. g3 Nf6 3. Bg2 c6 4. O-O Bf5 5. c4 e6 6. Qb3 Nbd7 7. Qxb7 Be7 8.
Nd4 Rb8 9. Qxc6 Be4 10. cxd5 Bxg2 11. Kxg2 O-O 12. d6 Ne5 13. dxe7 Qxd4 14.
exf8=Q+ Rxf8 15. Qb7 h5 16. Nc3 h4 17. d3 Qg4 18. h3 Qg6 19. Bf4 Ned7 20. Bd6
hxg3 21. fxg3 1-0

[Event "European Blitz Championship 2021"]
[Site "Katowice"]
[Date "2021.12.17"]
[Round "3.6"]
[White "Zychowski, Marek"]
[Black "Wisniewski, Adrian"]
[Result "1/2-1/2"]
[WhiteElo "1838"]
[BlackElo "2351"]
[Annotator "ChessBase"]
[PlyCount "127"]
[EventDate "2021.12.17"]
[EventType "swiss"]
[EventCountry "POL"]
[SourceTitle "playchess.com"]
[Source "ChessBase"]
[SourceQuality "1"]

1. e4 d6 2. Nf3 Nf6 3. c3 g6 4. Qc2 Bg7 5. d4 O-O 6. Be2 c5 7. h3 Nc6 8. a3 Bd7
9. O-O cxd4 10. cxd4 Rc8 11. Nc3 a6 12. Be3 Na5 13. Rad1 Nc4 14. Bxc4 Rxc4 15.
Nd2 Rc8 16. Rfe1 Qa5 17. Qd3 b5 18. e5 Bf5 19. Qe2 dxe5 20. dxe5 Nd7 21. f4
Rfe8 22. Nb3 Qc7 23. Nd4 Nc5 24. Nxf5 gxf5 25. Nd5 Qb7 26. Qf3 Kh8 27. Qh5 e6
28. Nb4 Ne4 29. Rc1 a5 30. Nd3 Kg8 31. Nc5 Qe7 32. b4 axb4 33. axb4 Nxc5 34.
Bxc5 Qb7 35. Rcd1 Red8 36. Qe2 Bf8 37. Rxd8 Rxd8 38. Qe3 Rd5 39. Rc1 Bxc5 40.
Rxc5 Qd7 41. Kh2 h6 42. Qg3+ Kh7 43. Qf3 Rd3 44. Qf2 Rd2 45. Qe3 Rd3 46. Qf2
Rd4 47. Rxb5 Rxf4 48. Qxf4 Qxb5 49. Qd4 Qb8 50. Qd6 Qb7 51. Qc5 Kg7 52. b5 f4
53. Qc6 Qa7 54. b6 Qa3 55. Qf3 Qb4 56. b7 h5 57. h4 f6 58. exf6+ Kxf6 59. g3
Qb2+ 60. Kh3 Ke7 61. Qxf4 Qxb7 62. Qg5+ Kd7 63. Qxh5 Qe4 64. Qd1+ 1/2-1/2

[Event "European Blitz Championship 2021"]
[Site "Katowice"]
[Date "2021.12.17"]
[Round "3.7"]
[White "Kosakowski, Jakub"]
[Black "Koubova, Anna Marie"]
[Result "1-0"]
[WhiteElo "2340"]
[BlackElo "2130"]
[Annotator "NA"]
[PlyCount "65"]
[EventDate "2021.12.17"]
[EventType "swiss"]
[EventCountry "POL"]
[SourceTitle "playchess.com"]
[Source "ChessBase"]
[SourceQuality "1"]

1. e4 e6 2. d4 d5 3. Bd3 c5 4. exd5 Qxd5 5. Nf3 cxd4 6. O-O Nc6 7. c3 Bc5 8.
cxd4 Nxd4 9. Nxd4 Bxd4 10. Nc3 Bxc3 11. bxc3 Nf6 12. Ba3 Bd7 13. c4 Qa5 14. Qb3
Bc6 15. Rab1 O-O-O 16. Bc1 Rd7 17. Be3 Rhd8 18. Be2 Kb8 19. a4 Ne4 20. Bf3 Nc5
21. Bxc5 Qxc5 22. Bxc6 Qxc6 23. Qg3+ Qc7 24. Qxg7 Qxc4 25. a5 Ka8 26. Qxh7 f5
27. Qh6 Qc6 28. h4 Rg8 29. g3 Rdg7 30. Qe3 Rg4 31. Rfc1 Qe4 32. Qc3 Rxh4 33.
Qc8+ 1-0

[Event "European Blitz Championship 2021"]
[Site "Katowice"]
[Date "2021.12.17"]
[Round "3.7"]
[White "Paprocki, Jaroslaw"]
[Black "Stefansson, Hannes"]
[Result "0-1"]
[WhiteElo "2165"]
[BlackElo "2519"]
[Annotator "ChessBase"]
[PlyCount "62"]
[EventDate "2021.12.17"]
[EventType "swiss"]
[EventCountry "POL"]
[SourceTitle "playchess.com"]
[Source "ChessBase"]
[SourceQuality "1"]

1. d4 Nf6 2. c4 e6 3. Nf3 b6 4. a3 Bb7 5. Nc3 g6 6. e3 Bg7 7. g3 d5 8. cxd5
Nxd5 9. Bg2 O-O 10. O-O c5 11. Nxd5 Bxd5 12. Qe2 cxd4 13. Nxd4 Bxg2 14. Kxg2
Bxd4 15. Rd1 Qd5+ 16. f3 Nc6 17. exd4 Nxd4 18. Qf2 e5 19. Bh6 Rfe8 20. Rac1
Rac8 21. Rxc8 Rxc8 22. Rd2 Qb3 23. Be3 Nf5 24. Bg5 h6 25. Rd8+ Rxd8 26. Bxd8
Ne3+ 27. Kh3 Qe6+ 28. g4 Nd5 29. Kg3 Qd6 30. Bh4 g5 31. Qd2 e4+ 0-1

[Event "European Blitz Championship 2021"]
[Site "Katowice"]
[Date "2021.12.17"]
[Round "3.8"]
[White "Demchenko, Anton"]
[Black "Dzierzak, Radoslaw"]
[Result "1-0"]
[WhiteElo "2655"]
[BlackElo "2264"]
[Annotator "RC"]
[PlyCount "127"]
[EventDate "2021.12.17"]
[EventType "swiss"]
[EventCountry "POL"]
[SourceTitle "playchess.com"]
[Source "ChessBase"]
[SourceQuality "1"]

1. e4 c5 2. Nf3 Nc6 3. Bb5 e6 4. O-O Nge7 5. Re1 a6 6. Bf1 d5 7. exd5 Nxd5 8.
d4 cxd4 9. Nxd4 Bd7 10. c4 Nf6 11. Be3 Qc7 12. Nc3 Be7 13. h3 Nxd4 14. Qxd4 Bc6
15. Bf4 Qa5 16. a3 Rd8 17. Qe3 Qc5 18. b4 Qxe3 19. Bxe3 O-O 20. f3 Rc8 21. Rac1
Rfd8 22. Bb6 Re8 23. Red1 Bd8 24. Be3 Bc7 25. Be2 h6 26. Kf2 Red8 27. g4 Rxd1
28. Rxd1 Rd8 29. Rc1 g5 30. a4 b6 31. c5 bxc5 32. Bxc5 Bb7 33. Rc2 e5 34. Be7
Bb6+ 35. Kf1 Rc8 36. Bxf6 Bd4 37. h4 gxh4 38. Bxh4 Rxc3 39. Rxc3 Bxc3 40. Be1
Bd4 41. Kg2 e4 42. f4 Kg7 43. b5 axb5 44. Bxb5 Kf6 45. a5 Ke6 46. a6 Ba8 47.
Bc4+ Ke7 48. Bb4+ Ke8 49. Kg3 e3 50. Be2 Kd7 51. Bf8 Ke6 52. Bxh6 f5 53. g5 Kf7
54. Bh5+ Kg8 55. Bf3 Bxf3 56. Kxf3 Kf7 57. Ke2 Kg6 58. Bf8 Kh5 59. Kf3 Kg6 60.
Bd6 Kh5 61. Be5 Ba7 62. Bb2 e2 63. Kxe2 Kg4 64. Be5 1-0

[Event "European Blitz Championship 2021"]
[Site "Katowice"]
[Date "2021.12.17"]
[Round "3.8"]
[White "Smolik, Jachym"]
[Black "Piesik, Piotr"]
[Result "0-1"]
[WhiteElo "2225"]
[BlackElo "2336"]
[Annotator "NA"]
[PlyCount "60"]
[EventDate "2021.12.17"]
[EventType "swiss"]
[EventCountry "POL"]
[SourceTitle "playchess.com"]
[Source "ChessBase"]
[SourceQuality "1"]

1. d4 c5 2. d5 e5 3. e4 d6 4. Nc3 Be7 5. Nge2 Bg5 6. Ng3 Bxc1 7. Qxc1 Ne7 8.
Qg5 O-O 9. h4 h6 10. Qd2 f5 11. exf5 Nxf5 12. Nge4 Nd7 13. O-O-O Nf6 14. Bd3
Bd7 15. Rdg1 Nxe4 16. Nxe4 Qe7 17. h5 b5 18. g4 Nd4 19. g5 Nf3 20. Qe3 Nxg1 21.
Rxg1 hxg5 22. Rxg5 Bf5 23. Qg3 Kh8 24. Nxc5 Bxd3 25. Nxd3 Rf6 26. f4 e4 27. Ne1
e3 28. Ng2 e2 29. Ne3 Re8 30. Kd2 Qxe3+ 0-1

[Event "European Blitz Championship 2021"]
[Site "Katowice"]
[Date "2021.12.17"]
[Round "3.9"]
[White "Brodowski, Piotr"]
[Black "Rudnik, Anna"]
[Result "1-0"]
[WhiteElo "2335"]
[BlackElo "1829"]
[Annotator "NA"]
[PlyCount "69"]
[EventDate "2021.12.17"]
[EventType "swiss"]
[EventCountry "POL"]
[SourceTitle "playchess.com"]
[Source "ChessBase"]
[SourceQuality "1"]

1. d4 Nf6 2. c4 e6 3. Nf3 b6 4. g3 Bb7 5. Bg2 d5 6. cxd5 Bxd5 7. Nc3 Bb4 8. O-O
Bxc3 9. bxc3 O-O 10. Re1 Nbd7 11. Qc2 Be4 12. Qb3 c5 13. Bf4 Nd5 14. Bd6 Re8
15. Qa3 c4 16. Nd2 Bxg2 17. Kxg2 b5 18. e4 N5b6 19. Rab1 a6 20. e5 Nd5 21. Ne4
f5 22. Nc5 Nxc5 23. dxc5 Qg5 24. Qc1 Qg6 25. f4 Ra7 26. Qd2 h5 27. Rbd1 Qg4 28.
Qc1 h4 29. Rxd5 h3+ 30. Kf2 exd5 31. Qd2 Rf7 32. Qxd5 g5 33. e6 Rfe7 34. Bxe7
Rxe7 35. Qd8+ 1-0